Экономическая теория. Трансформирующая экономика (Запись № 1442315)

Подробности
000 -МАРКЕР
контрольное поле 02366nam0a2200373 4500
001 - ИДЕНТИФИКАТОР ЗАПИСИ
контрольное поле RU\NLR\bibl\553786
005 - ИДЕНТИФИКАТОР ВЕРСИИ
контрольное поле 20260405161925.0
010 ## - МЕЖДУНАРОДНЫЙ СТАНДАРТНЫЙ НОМЕР КНИГИ (ISBN)
Номер (ISBN) 5-238-00714-0
Тираж 20000
021 ## - НОМЕР ГОСУДАРСТВЕННОЙ РЕГИСТРАЦИИ
Код страны Российская Федерация
Номер 2004-47999
Номер Листа государственной регистраци 2366
035 ## - ДРУГИЕ СИСТЕМНЫЕ НОМЕРА
Идентификатор записи (NLR Aleph) 000545944
100 ## - ДАННЫЕ ОБЩЕЙ ОБРАБОТКИ
Данные общей обработки 20040917d2004 |||y0rusy50 ca
101 0# - ЯЗЫК РЕСУРСА
Язык текста, звукозаписи и т.д. русский
102 ## - СТРАНА ПУБЛИКАЦИИ ИЛИ ПРОИЗВОДСТВА
Страна публикации Российская Федерация
105 ## - ПОЛЕ КОДИРОВАННЫХ ДАННЫХ: ТЕКСТОВЫЕ МАТЕРИАЛЫ, МОНОГРАФИЧЕСКИЕ
Кодированные данные о монографическом текстовом документе a |||||||||
200 1# - ЗАГЛАВИЕ И СВЕДЕНИЯ ОБ ОТВЕТСТВЕННОСТИ
Основное заглавие Экономическая теория. Трансформирующая экономика
Сведения, относящиеся к заглавию Учеб. пособие для студентов вузов, обучающихся по спец. экономики и упр. (060000)
Первые сведения об ответственности [Д.э.н., проф. И.П. Николаева, кандидаты экон. наук, доценты Т.Н. Волкова, Р.В. Бубликова]
Последующие сведения об ответственности Под ред. д.э.н., проф. И.П. Николаевой
210 ## - ПУБЛИКАЦИЯ, РАСПРОСТРАНЕНИЕ И ДР.
Место издания, распространения и т.д. М.
Имя издателя, распространителя и т. д. Юнити
Дата издания, распространения и т.д. 2004
215 ## - ФИЗИЧЕСКАЯ ХАРАКТЕРИСТИКА
Специфическое обозначение материала и объем 447 с.
Другие сведения о физической характеристике ил.
Размеры 20
320 ## - ПРИМЕЧАНИЯ О НАЛИЧИИ В ДОКУМЕНТЕ БИБЛИОГРАФИИ / УКАЗАТЕЛЯ
Текст примечания Библиогр. в подстроч. прим.
517 0# - ДРУГИЕ ВАРИАНТЫ ЗАГЛАВИЯ
Вариант заглавия Трансформирующая экономика
606 0# - НАИМЕНОВАНИЕ ТЕМЫ КАК ПРЕДМЕТ
Наименование темы Экономика
Формальный подзаголовок Руководства, пособия и т.п. для высшей школы
Тематический подзаголовок Теория
Системный номер авторитетной/нормативной записи 1565397
Идентификатор авторитетной/нормативной записи RU\NLR\auth\66985247
606 0# - НАИМЕНОВАНИЕ ТЕМЫ КАК ПРЕДМЕТ
Наименование темы Экономика
Формальный подзаголовок Учебные издания для высших учебных заведений
Тематический подзаголовок Теория
Системный номер авторитетной/нормативной записи 1565397
Идентификатор авторитетной/нормативной записи RU\NLR\auth\66985247
606 0# - НАИМЕНОВАНИЕ ТЕМЫ КАК ПРЕДМЕТ
Наименование темы Транзитивная экономика
Формальный подзаголовок Руководства, пособия и т.п. для высшей школы
Географический подзаголовок Российская Федерация
Системный номер авторитетной/нормативной записи 2120430
Идентификатор авторитетной/нормативной записи RU\NLR\auth\661280483
606 0# - НАИМЕНОВАНИЕ ТЕМЫ КАК ПРЕДМЕТ
Наименование темы Транзитивная экономика
Формальный подзаголовок Учебные издания для высших учебных заведений
Географический подзаголовок Российская Федерация
Системный номер авторитетной/нормативной записи 2120430
Идентификатор авторитетной/нормативной записи RU\NLR\auth\661280483
686 ## - ИНДЕКСЫ ДРУГИХ КЛАССИФИКАЦИЙ
Индекс У010я73
686 ## - ИНДЕКСЫ ДРУГИХ КЛАССИФИКАЦИЙ
Индекс У9(2)-17(2Р)я73
701 #1 - ИМЯ ЛИЦА - АЛЬТЕРНАТИВНАЯ ОТВЕТСТВЕННОСТЬ
Код отношения Редактор
Материалы, к которым относится поле rus
Графика поля Кириллица
Начальный элемент ввода Николаева
Часть имени, кроме начального элемента ввода И. П.
Дополнения к именам, кроме дат д-р экон. наук, макроэкономика
Даты 1939-
Расширение инициалов личного имени Ирина Павловна
Идентификатор авторитетной/нормативной записи RU\NLR\AUTH\7727866
Системный номер авторитетной/нормативной записи 10897
701 #1 - ИМЯ ЛИЦА - АЛЬТЕРНАТИВНАЯ ОТВЕТСТВЕННОСТЬ
Код отношения Автор
Материалы, к которым относится поле rus
Графика поля Кириллица
Начальный элемент ввода Волкова
Часть имени, кроме начального элемента ввода Т. Н.
Дополнения к именам, кроме дат канд. экон. наук
Расширение инициалов личного имени Татьяна Николаевна
Идентификатор авторитетной/нормативной записи RU\NLR\auth\7768322
Системный номер авторитетной/нормативной записи 51250
701 #1 - ИМЯ ЛИЦА - АЛЬТЕРНАТИВНАЯ ОТВЕТСТВЕННОСТЬ
Начальный элемент ввода Бубликова
Часть имени, кроме начального элемента ввода Р. В.
Код отношения Автор
801 #0 - ИСТОЧНИК ЗАПИСИ
Страна Российская Федерация
Организация NLR
Дата составления 20040917
Правила каталогизации PSBO
801 #1 - ИСТОЧНИК ЗАПИСИ
Страна Российская Федерация
Организация NLR
Дата составления 20040917
942 ## - ДОПОЛНИТЕЛЬНЫЕ ЭЛЕМЕНТЫ ЗАПИСИ (АБИС)
Тип экземпляра АБИС Книга
980 ## - КОЛЛЕКЦИЯ
Название коллекции Национальная библиография
Экземпляры
Тип экземпляра Дата поступления Источник поступления Библиотека постоянного хранения Библиотека текущего хранения Место хранения Шифр хранения Штрих-код Статус экземпляра
Книга 17.09.2004 Обязательный экземпляр РНБ (Московский) РНБ (Московский) Русский книжный фонд: издания с 1957 года 2004-3/19474 753510  
Книга 17.09.2004 Обязательный экземпляр РНБ (Московский) РНБ (Московский) Русский книжный фонд: издания с 1957 года 2004-3/19474 753511